000 00776nam a2200181Ia 4500
008 100921s9999 xx 000 0 und d
082 _b13317
_a100 थ 43
100 _aजावडेकर शंकर दत्तात्रय.
245 _aशास्त्रीय समाजवाद-व्याख्याने.
260 _bसुलभ राष्ट्रीय ग्रंथमाला,पुणे.
_c1943
300 _a64
_b---
365 _b2
520 _aतत्वज्ञान.
630 _aशास्त्रीय समाजवाद-व्याख्याने.
650 _aतत्वज्ञान.
730 _aशास्त्रीय समाजवाद-व्याख्याने.
942 _cBOOK
999 _c762430
_d762427